Хлораммонийное вскрытие окисленных никелевых руд; Химия и химическая технология в XXI веке

Bibliografische gegevens
Parent link:Химия и химическая технология в XXI веке.— 2008.— С. 57-58
Hoofdauteur: Никитенко А. С.
Andere auteurs: Крайденко Р. И. Роман Иванович (научный руководитель)
Taal:Russisch
Gepubliceerd in: 2008
Onderwerpen:
Formaat: Hoofdstuk
KOHA link:https://koha.lib.tpu.ru/cgi-bin/koha/opac-detail.pl?biblionumber=167374

MARC

LEADER 00000naa2a2200000 4500
001 167374
005 20231031162758.0
035 |a (RuTPU)RU\TPU\book\181581 
090 |a 167374 
100 |a 20091015d2008 k y0rusy50 ca 
101 0 |a rus 
102 |a RU 
200 1 |a Хлораммонийное вскрытие окисленных никелевых руд  |f А. С. Никитенко  |g науч. рук. Р. И. Крайденко 
320 |a Библиогр.: 3 назв. 
463 0 |0 (RuTPU)RU\TPU\book\176288  |t Химия и химическая технология в XXI веке  |o IX Всероссийская научно-практическая конференция студентов и аспирантов, Томск, 14-16 мая 2008 г.  |o сборник материалов  |f Томский политехнический университет (ТПУ) ; Химия и химическая технология в XXI веке  |v С. 57-58  |d 2008  |p 338 с. 
610 1 |a руды 
610 1 |a переработка 
610 1 |a реагенты 
610 1 |a сернокислотная технология 
610 1 |a хлорид аммония 
610 1 |a никелевые руды 
610 1 |a хлораммонийный метод 
610 1 |a хлорирование 
610 1 |a труды учёных ТПУ 
700 1 |a Никитенко  |b А. С. 
702 1 |a Крайденко  |b Р. И.  |c химик-технолог  |c доцент Томского политехнического университета, старший научный сотрудник, кандидат химических наук  |f 1983-  |g Роман Иванович  |2 stltpush  |3 (RuTPU)RU\TPU\pers\26383  |4 727 
801 1 |a RU  |b 63413507  |c 20091015 
801 2 |a RU  |b 63413507  |c 20230131  |g RCR 
942 |c BK